[Event "EU-chT (Men) 21st"]
[Site "Heraklion"]
[Date "2017.10.28"]
[Round "1.1"]
[White "Ftacnik, Lubomir"]
[Black "Duda, Jan Krzysztof"]
[Result "1/2-1/2"]
[WhiteElo "2546"]
[BlackElo "2706"]
[Annotator "Ftacnik,L"]
[PlyCount "132"]
[EventDate "2017.10.28"]
[EventType "team-swiss"]
[EventRounds "9"]
[EventCountry "GRE"]
[SourceTitle "CBM 182"]
[Source "ChessBase"]
[SourceDate "2018.01.17"]
[SourceVersion "1"]
[SourceVersionDate "2018.01.17"]
[SourceQuality "1"]
[WhiteTeam "Slovakia"]
[BlackTeam "Poland"]
[WhiteTeamCountry "SVK"]
[BlackTeamCountry "POL"]

1. d4 Nf6 2. Nf3 g6 3. c4 Bg7 4. Nc3 d5 5. cxd5 Nxd5 6. e4 Nxc3 7. bxc3 O-O 8.
Be2 c5 9. O-O b6 {Black has quite a few moves at this juncture with 9...Nc6
leading the parade as the most often tested idea. The development with ...b6
became popular with some strong players.} 10. Bg5 Bb7 11. Qd3 {In comparison
with the other b6-line White has saved time by not having to play Rb1. There
is no clear consensus as to what should be the Black's best plan.} Qd7 (11...
Qc7 12. Rad1 e6 13. d5 e5 14. Qe3 Nd7 15. Be7 Rfe8 16. d6 Qc6 17. Bc4 b5 18.
Bd5 Qc8 19. h4 Bf6 20. Bxf6 Nxf6 21. Bxb7 Qxb7 {1-0 (31) Khairullin,I (2630)
-Mamedyarov,S (2756) Moscow 2015} 22. Ng5 $1 $14) (11... h6 12. Bh4 (12. Be3
cxd4 13. cxd4 e6 14. Rad1 Nc6 15. d5 exd5 16. exd5 Ne7 17. Qa3 Nxd5 18. Bc4 Qe7
19. Qxe7 Nxe7 20. Rd7 Bxf3 21. gxf3 Nf5 $11 {1/2-1/2 (69) Alburt,L (2505)
-Tukmakov,V (2540) Decin 1977}) 12... Qd7 13. Rad1 cxd4 (13... e6 14. d5 exd5
15. exd5 c4 16. Qd2 Na6 17. Bxc4 Rac8 18. Bb3 g5 19. Bg3 Bxc3 20. Ne5 Qf5 21.
Qe2 {1-0 (21) Greenfeld,A (2560)-Rechlis,G (2510) Tel Aviv 1996} Bxe5 22. Qxe5
Qxe5 23. Bxe5 Nc5 24. Bf6 $14) 14. cxd4 e6 15. Qe3 (15. d5 Na6 16. Qb1 exd5 17.
Bb5 Qd6 18. exd5 f5 19. Rfe1 g5 20. Nxg5 hxg5 21. Bxg5 Qb4 22. Qxb4 Nxb4 23. d6
$16 {1-0 (49) Alburt,L (2505)-Jansa,V Decin 1977}) 15... Qa4 16. Rd2 Nd7 17.
Bd1 Qa5 18. Bb3 Rac8 19. Rfd1 g5 20. Bg3 Nf6 21. d5 exd5 22. e5 {0-1 (57)
Gelfand,B (2700)-Tseshkovsky,V (2510) Ulcinj 1997} Ne4 $17) (11... Ba6 12. Qe3
Qc7 13. Bxa6 Nxa6 14. d5 e5 15. Qe2 Nb8 16. Nd2 Nd7 17. a4 a6 18. Rfb1 Rfc8 19.
h3 Bf8 20. Nc4 $16 {1/2-1/2 (28) Otero Acosta,D (2510)-Bacallao Alonso,Y (2526)
Santa Clara 2014}) (11... Nd7 12. Rad1 cxd4 13. cxd4 Re8 14. Qe3 Rc8 15. Rc1 a6
16. Rxc8 Qxc8 17. Rc1 Qa8 18. Rc7 Nf6 19. d5 Bxd5 20. exd5 Nxd5 21. Qc1 Nxc7
22. Qxc7 b5 $11 {1/2-1/2 (50) Shimanov,A (2480)-Safarli,E (2527) Mersin 2008})
12. Rad1 (12. Qe3 cxd4 13. cxd4 Nc6 (13... Rc8 14. Bh6 Bh8 15. Qf4 Nc6 16. Bc4
e6 17. Rfd1 Na5 18. Ne5 Qe7 19. Bb5 a6 20. Be2 Nc6 21. Ng4 Nxd4 22. Rxd4 e5 23.
Rd7 $16 {1-0 (26) Wells,P (2489)-Boric,M (2377) Germany 2010}) 14. Rad1 Rfc8
15. Bh6 Bh8 16. Qf4 Qc7 17. Qh4 e5 18. d5 Nd4 19. Rxd4 exd4 20. Bf4 Qd7 21. Ng5
h5 22. g4 $13 {1-0 (32) Ivanov,S (2574)-Nepomniachtchi,I (2483) Moscow 2005})
12... e6 (12... h6 13. Bf4 cxd4 14. cxd4 Ba6 15. Qe3 Bxe2 16. Qxe2 Nc6 17. d5
Na5 18. Be5 Rac8 19. Bxg7 Kxg7 20. h4 Kh7 21. Rd4 $16 {1-0 (41) Veingold,A 
(2410)-Oltra Caurin,R (2390) Mislata 1995}) 13. Qe3 {The first really
independent move is not bad, but the white score after the critical
continuation 13.d5 is a boring 100%!} (13. d5 $1 exd5 14. exd5 c4 (14... Ba6
15. c4 Qa4 16. Rd2 Nd7 17. Rc1 Ne5 18. Nxe5 Bxe5 19. Bf3 Bb7 20. d6 Bxf3 21.
Qxf3 Qd7 22. Be7 Rfe8 {1-0 (44) Vera Gonzalez Quevedo,R (2530)-Saldano Dayer,H
(2335) Ubeda 1999} 23. Re1 $16) 15. Qd2 Rc8 (15... Re8 16. Bxc4 Na6 17. Rb1 Re4
18. Bb5 Qd6 19. Rfd1 Nc5 20. Bh6 Bh8 21. c4 $16 {1-0 (39) Ehlvest,J (2505)
-Pribyl,J (2405) Tallinn 1985}) 16. Bh6 Bh8 17. Qf4 Na6 18. Bxc4 Re8 19. Ng5
Be5 20. Qh4 b5 21. Bb3 Nc5 22. f4 $16 {1-0 (32) Hartston,W (2485)-Sax,G (2590)
Tallinn 1979}) 13... Qa4 (13... Qc6 14. Bd3 Nd7 15. Rb1 $14) 14. Bh6 {
Positionally the idea of trading the strong fianchetto bishop is well
justified, but the engine is pleading for the more ambitious pawn advance 14.
e5!} (14. e5 $1 Nd7 (14... Qxa2 $6 15. dxc5 $16) (14... Qc6 15. h4 Rc8 16. h5
$14) 15. h4 h5 16. Rb1 $14) 14... Nd7 15. Bxg7 Kxg7 16. e5 Rac8 {Duda could
have even taken on a2, but Black must be careful when violating the principles
of sound development.} (16... Qxa2 17. Nd2 Qa4 18. Nc4 Qc6 (18... cxd4 19. Rxd4
Qc6 20. Qg5 f6 21. exf6+ Nxf6 22. Ne5 Qc7 23. Bd3 $14) 19. d5 exd5 20. Nd6 Rfe8
(20... d4 21. Qg3 $16) 21. Nxe8+ Rxe8 22. f4 $14) 17. Rd2 (17. h4 Qc2 $1 (17...
h5 18. Ng5 $16) 18. h5 Qe4 $11) 17... b5 (17... Qa3 18. dxc5 Nxc5 19. Rd4 Qxa2
20. Rh4 h5 21. Rxh5 gxh5 22. Qg5+ $11) 18. dxc5 Bd5 $2 {The superstrong Polish
grandmaster seemed to have forgotten about the dangers to the kingside. Black
can simply not afford such a generous loss of a tempo.} (18... Nxc5 19. Rd4
Qxa2 20. Ng5 h5 (20... h6 21. Rh4 Rh8 22. Qf4 $18) 21. Bxb5 Qa5 22. Bc4 $14)
19. Rd4 Qxa2 (19... Qa5 $1 20. Ng5 Rxc5 21. Nxh7 Rxc3 22. Qg5 Rh8 23. Nf6 Qd8
24. Rh4 Rxh4 25. Nh5+ Rxh5 26. Qxd8 Rxe5 27. Bxb5 $16) 20. Rh4 Rh8 (20... h5
21. Rxh5 $1 Rh8 (21... gxh5 $2 22. Qg5+ Kh8 23. Qh6+ Kg8 24. Bd3 f5 25. Qg6+
Kh8 26. Ng5 $18) 22. Rxh8 Rxh8 23. Bxb5 Bxf3 24. gxf3 Qd5 25. Re1 Rh5 26. c4
Qxc5 27. Bxd7 $16) 21. Bxb5 Nxc5 (21... Rc7 22. Bxd7 Rxd7 23. Qh6+ Kg8 24. Ng5
Qd2 25. Rd4 Qe2 26. Ne4 $18) 22. Qh6+ $6 {The obvious check with the queen on
h6 is not a bad move, the problem is that Qg5 is even more devastating.} (22.
Qg5 $1 Kg8 (22... h6 23. Qf6+ Kg8 24. Ng5 $18) 23. Qf6 Rf8 24. Ng5 Qc2 (24...
Qa5 25. c4 Bb7 26. Rd1 $18) 25. Rf4 Ne4 26. Rxe4 Bxe4 27. Be8 $18) 22... Kg8
23. Ng5 Qd2 (23... Rc7 $2 24. Nxh7 $18) 24. Rd4 Qxc3 (24... Qc2 25. Rf4 Qxc3
26. Nxf7 Ne4 27. Nxh8 Qxe5 28. Nxg6 hxg6 29. Bd7 $18) 25. Rf4 Rf8 (25... Qxe5
26. Nxf7 Qg7 27. Qxg7+ Kxg7 28. Nxh8 Rxh8 29. Rc1 $16) 26. Rxf7 $1 {The
defender has overdone it with optimism in the middlegame, the punishment is
severe.} Rxf7 27. Nxf7 Bxg2 $6 {[%mdl 256] Black knows that his survival
chances are minimal so he tries the schock method. Objectively the strongest
line was immediately 27...Qb4! with a poor position.} (27... Kxf7 28. Qf4+ Kg8
29. Be8 Kg7 30. Qf6+ Kh6 31. Qxh8 $18) (27... Qb4 $1 28. Nxh8 Qxb5 29. Rc1 Bb7
30. Nxg6 hxg6 31. Qxg6+ Kf8 32. h4 $18) 28. Kxg2 {I spent more than 10 minutes
navigating the complex position with many lines. It was an obvious choice to
look at 28.Nxh8! as the priority line, but in the heat of battle I missed that
30.Ng6 leads to mate.} (28. Nxh8 $1 Bxf1 (28... Qh3 29. Qg5 $1 Kxh8 (29... Bxf1
30. Qd8+ Kg7 31. Qf6+) 30. Rc1 $18) 29. Qf4 h5 30. Nxg6 Kh7 31. Qf7+ Kh6 32.
Ne7 $18) 28... Qb4 29. Qg5 {White has reverted to making second best choices,
but the best winning idea 29.Ra1 was too ingenious for him to spot and
seriously consider!} (29. Ra1 $1 Qg4+ (29... Qxb5 30. Nxh8 Qd3 31. Rc1 $18) 30.
Kf1 Qd4 31. Qc1 Kxf7 (31... Ne4 32. Nh6+ Kg7 33. Ng4 g5 34. Ra4 Rc8 35. Qxg5+
Nxg5 36. Rxd4 $18) 32. Rxa7+ Kg8 33. h4 (33. Re7 Qxe5 (33... h5 34. Rc7 Qd5 35.
Kg1 $18) 34. Qd2 Qd5 35. Re8+ Kg7 36. Qc3+ $18) 33... Qb4 34. Qc4 Qxc4+ 35.
Bxc4 Kf8 36. Rc7 Na4 37. Bxe6 $18) 29... Kxf7 30. Qf6+ Kg8 31. Be8 {The bishop
move is not bad, but even stronger was the transfer to f3. The win is slipping
away one step at the time.} (31. Be2 $142 $1 Qb7+ (31... Qe4+ 32. Bf3 Qf5 33.
Rc1 Qxf6 34. exf6 Kf7 35. Rxc5 Kxf6 36. Ra5 $18) 32. Bf3 Qf7 33. Rc1 Nd7 34.
Qxf7+ Kxf7 35. Rc7 Rd8 36. Bc6 Ke7 37. Rxa7 $18) 31... Qg4+ 32. Kh1 Qf5 33.
Bf7+ Kf8 34. Qxh8+ Kxf7 35. Qxh7+ Kf8 36. Qh8+ {After the exchange of the
queens the ending should be very difficult for Black, but actually he is not
without chances. It was much better to activate the rook with the precise idea
36.Qh6!} (36. Qh6+ Kf7 37. Rc1 $1 Qxf2 (37... Qxe5 38. Qh7+ Kf8 39. Qxg6 $18)
38. Qh7+ Kf8 39. Qxg6 Qf3+ 40. Qg2 Qxg2+ 41. Kxg2 Nd3 42. Ra1 Nxe5 43. Rxa7 $18
) 36... Kf7 37. Qf6+ (37. Qa8 Qxe5 38. Qxa7+ Kf6 39. Qa1 $16) 37... Qxf6 38.
exf6 a5 39. Rc1 (39. Kg2 a4 40. Rc1 Nd3 41. Rc4 a3 42. Ra4 $16) 39... Nd3 40.
Rc7+ Kxf6 41. Kg1 $6 {Of course the king should have gone forward, but it was
not clearly winning at all.} (41. Kg2 $1 a4 42. Ra7 Kf5 43. Rxa4 g5 $16) 41...
a4 42. Rc3 Nf4 43. Rc4 Kf5 44. Rxa4 e5 45. Ra3 g5 46. h3 Ng6 47. Kg2 {The last
chance to really fight against the idea g4 was to attack the knight on g6 with
47.Ra6!?} (47. Ra6 $5 Nh4 (47... Nf4 48. Kh2 $16) 48. Kh2 Kf4 49. Rf6+ Nf5 50.
f3 e4 51. fxe4 Kxe4 52. Ra6 $16) 47... g4 $1 48. hxg4+ Kxg4 49. Rg3+ Kf5 50.
Kf3 Nf4 {This position is better, but can objectively not be won. A rare
escape for Black from a position that was really difficult!} 51. Rg8 Ne6 52.
Ke3 Ng5 53. Kd3 Ne6 54. Re8 Nf4+ 55. Ke3 Ne6 56. Ra8 Ng5 57. Rf8+ Ke6 58. Kd3
Nh7 59. Rh8 Nf6 60. Kc4 Ne4 61. Rh2 Kf5 62. Kd5 (62. Kd3 Nf6 $16) 62... Nc3+
63. Kd6 Kf4 64. Rh4+ Kf3 65. Rh3+ Kxf2 66. Rxc3 e4 1/2-1/2

[Event "London Agency"]
[Site "London"]
[Date "1998.06.21"]
[Round "7"]
[White "Wells, Peter K"]
[Black "Rowson, Jonathan"]
[Result "1/2-1/2"]
[WhiteElo "2530"]
[BlackElo "2485"]
[Annotator "Ftacnik,L"]
[PlyCount "57"]
[EventDate "1998.06.15"]
[EventType "tourn"]
[EventRounds "9"]
[EventCountry "ENG"]
[EventCategory "9"]
[SourceTitle "CBM 066"]
[Source "ChessBase"]
[SourceDate "1998.09.30"]
[SourceVersion "1"]
[SourceVersionDate "1998.09.30"]
[SourceQuality "1"]

1. d4 Nf6 2. c4 g6 3. Nc3 d5 4. cxd5 Nxd5 5. e4 Nxc3 6. bxc3 c5 7. Nf3 Bg7 8.
Rb1 O-O 9. Be2 cxd4 10. cxd4 Qa5+ 11. Bd2 Qxa2 12. O-O Bg4 13. Be3 (13. Bg5 h6
14. Be3 Nc6 15. Rxb7 Rab8 (15... Bxf3 16. Bxf3 Nxd4 $2 17. Bxd4 Rad8 18. Qa1
$18) (15... Rfd8 16. d5 e6 17. h3 Bxf3 18. Bxf3 Ne5 19. Qe2 Qxe2 20. Bxe2 exd5
21. exd5 Rxd5 22. Bxa7 Rd7 {1/2-1/2 Wells,P-Grosse Kloenne,E/BL2-N 1991/ (34)})
16. Rxb8 Rxb8 17. h3 (17. d5 Ne5 18. h3 Rb2 19. hxg4 Rxe2 20. Nd4 Rb2 21. Nc6
Nxc6 22. dxc6 Qc4 23. Qd8+ Kh7 24. Rc1 {1-0 Sokolin,L-Orlov,V/St.Petersburg-ch
op/1992/}) 17... Bxf3 (17... Bd7 18. d5 $5 (18. Bd3 Nb4 19. Qb1 a5 20. Qxa2
Nxa2 21. Bd2 Nb4 22. Rb1 e6 23. Ne5 Be8 24. Bf1 Bf8 25. d5 exd5 26. exd5 Rc8
27. Nc4 Nxd5 28. Bxa5 {1/2-1/2 San Segundo,P-Azmaiparashvili,Z/Madrid/1996/})
18... Ne5 $1 (18... Nb4) 19. Bf4 (19. Nxe5 Bxe5 20. Bxh6 Ba4 21. Qe1 Rb2 22.
Bd3 $13) 19... Qb2 $1 (19... Ba4 20. Qc1 Qxe2 21. Nxe5) (19... Nxf3+ 20. Bxf3
Rb2 21. e5 Bb5 22. Re1 Rxf2 23. d6 exd6 24. exd6 Bd7 25. Re7 $16) 20. Qc1 g5 $1
$8 (20... Nxf3+ 21. Bxf3 Rc8 22. Qxb2 Bxb2 23. Rb1 $16) (20... Rb4 21. Qc7 Qxe2
22. Bxe5 Bxe5 23. Nxe5 Bb5 24. Rc1 Rxe4 25. Qd8+ Kg7 26. Rc8 $18) 21. Bxe5 (21.
Bg3 Rc8 22. Qxb2 Nxf3+ 23. Bxf3 Bxb2) 21... Bxe5 22. Nxe5 Qxe5 23. Qa1 (23. Qa3
Bb5 $10) 23... Rb2 (23... Qxa1 24. Rxa1 Rb7 25. e5 Bb5 $10) 24. Qxa7 Rxe2 (
24... Bxh3 25. Qe3 Bd7 26. Re1 f5 27. Qa7 $13) 25. Qxd7 Rxe4 {1/2-1/2 Gelfand,
B-Polgar,J/Novgorod/1996/ (28)}) 18. Bxf3 a5 (18... Rd8 19. d5 e6 (19... Ne5
20. Qc1 $1 Kh7 21. Qc7 Rd7 22. Qc8 Qc4 (22... h5 23. Rc1) 23. Qe8 $1 Rb7 (23...
Qc7 24. Rc1 Qd8 25. Qxd8 Rxd8 26. Rc7 e6 27. dxe6 Nxf3+ 28. gxf3 fxe6 29. Rxa7
$16) 24. Rc1 Qb5 (24... Qd3 $5 25. Kh2 $1 Qb5 26. Qa8 Nxf3+ 27. gxf3 a5 $5 28.
Qd8 Qd7 29. Qxa5 $16) 25. Qxb5 $6 (25. Qa8 $1 Nxf3+ 26. gxf3 a5 27. Rc5 Qb1+
28. Kg2 Rb3 29. Qxa5 $16 Rxe3 $140 30. fxe3 Qb2+ 31. Kf1 Qb1+ 32. Qe1 $18)
25... Rxb5 26. Bxa7 (26. Rc7 $2 Rb1+ 27. Kh2 $4 Nxf3+ 28. gxf3 Be5+) (26. Be2
Rb4 27. f3 g5 $1 28. Bxa7 Ng6) 26... f5 $1 {Gelfand,B-Kamsky,G/Dos Hermanas/
1995/1/2-1/2 (80)}) 20. Qc1 Ne5 21. Qc7 Rd7 22. Qc8+ Kh7 23. Bg4 h5 24. Bf4
hxg4 25. Bxe5 Qa4 26. Bxg7 Kxg7 27. Qc3+ Kh7 28. Rb1 {1/2-1/2 San Segundo,P-De
la Villa Garcia,J/Pamplona/1996/}) (18... e5 19. d5 Nd4 20. Qa1 $1) (18... e6
19. e5 $5 $14) 19. e5 Nb4 20. Qa1 e6 21. Qc1 Nc2 22. Qd2 Rb2 23. Bxh6 Nxd4 24.
Qxd4 Bxh6 25. Qd8+ Bf8 26. h4 Rb1 {1/2-1/2 Schaeffner,C-Klee,M/BL2-O9697/1997/
(41)}) 13... Nc6 (13... b6 14. Ra1 Qb2 15. h3 Bxf3 16. Bxf3 e5 17. d5 Nd7 18.
Qa4 Nc5 19. Bxc5 bxc5 20. d6 Qb4 21. Qa6 Qb6 22. Be2 {1/2-1/2 Gelfand,B-Kamsky,
G/Tilburg/1992/ (35)}) 14. Rxb7 (14. d5) 14... Rab8 (14... Rfd8 15. d5 e6 16.
Rxf7 (16. Rc7 Bxf3 $1 (16... Ne5 17. Rc2 $1 Qa4 18. Nxe5 Bxe2 19. Qxe2 Bxe5 20.
dxe6 Qxe4 21. exf7+ Kxf7 22. Rc4 Qd5 $14) 17. gxf3 $5 (17. Bxf3 Ne5 $11) 17...
Nb4 18. Bg5 (18. Bc4 Qb2) (18. d6 $5 Be5 19. Bc4 $1 Qb2 20. Bc5 a5 $13) 18...
exd5 19. Bxd8 Rxd8 $44 20. exd5 Be5 $1 (20... Nxd5 $2 21. Rc5 $18) (20... Rxd5
21. Rc8+ Bf8 22. Qe1 $1 $16) 21. Bc4 Qa5 22. Rb7 $6 (22. Re7 $1 Bd6 23. Re4 $14
) 22... Qc5 23. Qb3 Bd6 24. Re1 a5 $1 $44 {1-0 Sakaev,K-Tseshkovsky,V/JUG/1997/
(29)}) (16. Bg5 $5 f6 17. Qc1 $5) (16. d6 $13) 16... exd5 17. exd5 (17. Rxg7+
Kxg7 18. e5 d4 19. Bg5 Nxe5 20. Nxe5 Bxe2 21. Qc1 Qe6 22. Qc7+ Kg8 23. Bxd8
Bxf1 24. Nd7 Bb5 25. Nf6+ Kf8 26. Nxh7+ Kg8 27. Nf6+ Kf8 28. Nh7+ $11) 17...
Rxd5 18. Rxg7+ Kxg7 19. Qe1 Ne5 20. Bd4 Rxd4 21. Nxd4 Bxe2 22. Nxe2 Re8 23. Nc3
Qf7 {Bewersdorff,O-Roesch,A/BL2-O/1994/1/2-1/2 (52)}) 15. Rxb8 (15. Rc7 Rfc8
16. Rxc8+ Rxc8 17. Re1 Nb4 18. h3 Bxf3 19. Bxf3 Nc2 20. Qd2 Qa6 21. Rd1 Nxe3
22. Qxe3 Qb6 23. e5 a5 24. Ra1 Rc4 25. Qe4 Qa7 26. Qd5 Rxd4 {1/2-1/2
Schandorff,L-Akesson,R/SWE-DEN/1998/}) 15... Rxb8 16. h3 (16. d5 Ne5 17. Nd2
Bxe2 18. Qxe2 Qa3 19. f4 Nd3 $11) 16... Bxf3 17. Bxf3 e6 {Black's pieces are
reasonably active, but he must prevent problems with white dangerous "d" pawn.}
(17... e5 18. d5 Nd4 19. Qa1 Rb2 20. d6 Nxf3+ 21. gxf3 a5 22. d7 Bf6 23. Qxa2
Rxa2 24. Rc1 $16) (17... Nxd4 $2 18. Bxd4 Rd8 19. Qa1 $18) 18. d5 (18. e5 Nb4
19. Qa1 a6 20. Rc1 h6 21. Qxa2 Nxa2 22. Rc7 $14) 18... Ne5 (18... exd5 19. Qxd5
Qc2 $11) 19. Bg5 (19. dxe6 fxe6 (19... Qxe6 20. Bxa7 Re8 21. Re1 $14) 20. Be2
Qa3 $11) 19... h6 20. Be7 Rb2 (20... exd5 21. exd5 Rb2 22. Be4 Rd2 23. Qc1 f5
24. Qc8+ Kh7 25. Bf8 Qa4 $11) 21. d6 (21. dxe6 Qxe6 $15) 21... Rd2 22. Qb1 Qa4
(22... Qxb1 23. Rxb1 Nc4 (23... Nxf3+ 24. gxf3 Be5 25. Rb7 Bxd6 26. Bxd6 Rxd6
27. Rxa7 $11) 24. Rb8+ Kh7 25. Rb7 Nxd6 26. Bxd6 Rxd6 27. Rxf7 Ra6 $11) 23.
Qb8+ Kh7 24. Qc7 Qd4 {This set up enables Rowson to combine defence against
the dangerous "d" pawn with a counterplay against white king.} (24... Nxf3+ 25.
gxf3 Qd4 26. Qd7 a5 27. Qe8 f5 28. Bf8 $11) 25. Bg4 Kg8 (25... Nxg4 $5 26. hxg4
Rd1 $1 27. Rxd1 (27. Qc2 Rxf1+ 28. Kxf1 Be5 29. g3 Bxd6 30. Bxd6 Qxd6 $17) (27.
g3 Rd3 28. Kh2 Be5 29. Qc6 Rd2 30. Kg2 Qd3 $19) 27... Qxd1+ 28. Kh2 Be5+ 29. g3
Qd4 30. Kg2 Qxe4+ 31. Kh2 Qd4 (31... Qxg4 32. Qxa7) 32. Kg2 $15) 26. Qc8+ Kh7
27. Qc7 Kg8 28. Qc8+ Kh7 29. Qc7 1/2-1/2

[Event "Sigeman & Co 06th"]
[Site "Malmo"]
[Date "1998.06.12"]
[Round "4"]
[White "Lautier, Joel"]
[Black "Sokolov, Ivan"]
[Result "1/2-1/2"]
[WhiteElo "2645"]
[BlackElo "2625"]
[Annotator "Ftacnik,L"]
[PlyCount "79"]
[EventDate "1998.06.09"]
[EventType "tourn"]
[EventRounds "9"]
[EventCountry "SWE"]
[EventCategory "13"]
[SourceTitle "CBM 066"]
[Source "ChessBase"]
[SourceDate "1998.09.30"]
[SourceVersion "1"]
[SourceVersionDate "1998.09.30"]
[SourceQuality "1"]

1. d4 Nf6 2. c4 g6 3. Nc3 d5 4. Nf3 Bg7 5. cxd5 Nxd5 6. e4 Nxc3 7. bxc3 c5 8.
Be2 O-O 9. Rb1 cxd4 10. cxd4 Qa5+ 11. Bd2 Qxa2 12. O-O Bg4 13. Bg5 h6 14. Bh4 (
14. Bxe7 Re8 15. Rxb7 Nd7 (15... Nc6 16. Bc5 Rxe4 17. Bd3 Rxd4 $1 (17... Ree8
18. Bb5 Rec8 (18... Qd5 19. Qa4 $5 Bxf3 20. gxf3 Rac8 21. Bc4 $5 $36) 19. Qd3
Be6 20. Re1 Bd5 21. Rd7 Rd8 22. Bxc6 Bxc6 23. Rc7 Bd5 24. h3 Rab8 25. Ne5 Qa5
26. Nxg6 Qxe1+ {0-1 Manso,F-Sanchez Almeyra,J/San Sebastian op/1993/}) (17...
Rf4 $2 18. Qc1 $1 $16) 18. Bxd4 Nxd4 $44 19. Be4 $6 (19. Qb1 Qxb1 20. Rfxb1
Nxf3+ 21. gxf3 Bxf3 22. Rb8+ Rxb8 23. Rxb8+ Bf8 24. Bc4 g5 25. Rc8 a5 26. Rc7
Bh5 27. Ra7 Bb4 $11) 19... Rd8 (19... Re8 $5) (19... Qe6 $5) 20. Qb1 Ne2+ $5 (
20... Qxb1 21. Rfxb1 Ne2+ 22. Kf1 Nc3 23. Rb8 Rf8 $1 $11) 21. Kh1 Qc4 22. Bxg6
$5 (22. Rb4 Qe6 23. Rb8 Rxb8 24. Qxb8+ Kh7 $44) 22... Nc3 $1 (22... fxg6 $2 23.
Qxg6 Ng3+ 24. hxg3 Qxf1+ 25. Kh2 Bd7 26. Ne5 $1 Qxf2 27. Nc6 $5 $40) 23. Bxf7+
Qxf7 24. Rxf7 Nxb1 25. Rxa7 (25. Rxg7+ Kxg7 26. Rxb1 Bxf3 27. gxf3 Ra8 $15)
25... Nc3 26. h3 {1/2-1/2 Kramnik,V-Kasparov,G/Novgorod/1994/} (26. h3 Bf5 $11)
) (15... Bc8 $2 16. Rc7 $16) (15... Qe6 16. e5 $140 $1 $16 Rxe7 17. d5 Bxf3 18.
Bxf3 Qxe5 19. Rxe7 Qxe7 20. d6 $18) 16. Bb4 Rxe4 17. Re1 Bxf3 18. Bxf3 Rxd4 19.
Qc1 Ne5 20. Qe3 Rd3 21. Qe4 Nxf3+ 22. gxf3 Rad8 23. Re2 Rd1+ 24. Kg2 Qb1 25.
Be1 Qxe4 26. Rxe4 R8d7 {0-1 Hultin,J-Ernst,T/Troll Masters/1991/ (34)}) 14...
a5 (14... Qe6 15. h3 Bxf3 16. Bxf3 Qd7 17. d5 Na6 18. Qe2 Nc5 19. e5 e6 20.
Rfd1 exd5 21. Bxd5 Qf5 22. Be7 Rfc8 23. Qe3 Na4 24. e6 Nc3 25. exf7+ Kh7 26.
Be6 Nxd1 27. Rxd1 Qc2 {Komljenovic,D-Sanchez Almeyra,J/San Sebastian op/1993/1/
2-1/2 (109)}) (14... g5 15. Bg3 Nc6 16. d5 Rad8 (16... Na5 17. e5 b6 18. Ra1
Qb2 19. Rb1 Qa2 20. Rb4 Bh5 21. h4 Rad8 22. Rd4 f5 23. hxg5 Bxf3 24. gxf3 hxg5
25. f4 gxf4 26. Bxf4 {1-0 Sapis,W-Touzane,O/Legnica Voivode Cup/1994/ (40)})
17. Rxb7 e6 (17... f5 $1 18. Qe1 Bxf3 19. Bxf3 Nd4 20. exf5 Nxf3+ 21. gxf3 Qxd5
22. Rxa7 Rxf5 $11) 18. Bc7 exd5 (18... Rd7 19. Bb5 $16) 19. Bxd8 dxe4 (19...
Nxd8 20. Rb8 dxe4 21. Rxd8 $16) 20. Be7 (20. Bc7 $16) 20... Re8 21. Bc5 (21.
Bb5 $1 exf3 22. Bxc6 fxg2 23. Bxe8 $1 Bxd1 24. Rxd1 Qe2 25. Rbd7 $1 Be5 26. Bc5
$18) 21... Rd8 $5 22. Qb3 $8 (22. Nd4 Rxd4 23. Bxd4 Bxe2 24. Qa1 Qxa1 25. Bxa1
Bxf1 26. Bxg7 Ba6 $11) 22... Qxb3 23. Rxb3 Rd5 24. Ba3 (24. Rc1 $2 exf3 25.
Bxf3 Bxf3 26. Rxf3 $2 Bb2 $1) 24... exf3 25. Bxf3 Bxf3 26. Rxf3 {1-0 Chernin,
A-Horvath,J/HUN-ch/1992/ (35)}) (14... Rd8 15. d5 g5 16. Bg3 b6 17. Re1 Bxf3
18. Bxf3 Nd7 19. e5 Rac8 20. e6 fxe6 21. Rxe6 Nf6 22. Rxe7 Qc2 23. d6 Qxd1+ 24.
Rxd1 a5 25. h3 a4 26. Rc7 Kh8 27. Rdc1 {1-0 Anand,V-Illescas Cordoba,M/Madrid/
1998/ (33)}) 15. Rxb7 g5 16. Bg3 a4 17. h4 $1 {White sould hurry to open the
position of the black king in order to get some compensation for the dangerous
black "a" pawn.} a3 (17... gxh4 18. Bxh4 e5 19. d5 $14) 18. hxg5 hxg5 19. Rb5 (
19. Rc7 $5 Na6 20. Rxe7 Qb2 21. Bc4 Qb4 22. Bxf7+ Kh8 23. Rd7 $1 $16 {Gelfand,
B-Shirov,A/Polanica Zdroj/1998/}) 19... Nc6 (19... f6 20. Qd3 Rc8 21. Rfb1 Nd7
22. Bd1 $16) 20. Rxg5 Bxf3 21. gxf3 $1 {White is saving the bishop for the
diagonal a2-g8.} (21. Bxf3 Qb2 22. e5 (22. d5 a2 $1 23. Qa1 Qxa1 24. Rxa1 Nb4
25. d6 exd6 26. Bxd6 Nc2 $17) 22... Nxd4 23. Bxa8 Ne2+ 24. Kh2 Rxa8 25. Qd5 Rb8
26. e6 Nxg3 27. exf7+ Kf8 28. fxg3 a2 29. Rxg7 Qxg7 30. Qxa2 Qh8+ 31. Kg1 Qd4+
$14) 21... Qb2 22. Bc4 Rfd8 {Choosing 22...a2!? is much easier in the analyses
than at the board. Actually white would have to play rather well just to keep
the balance in the position.} (22... a2 $5 23. Qa1 Qc2 $1 (23... Qxa1 24. Rxa1
Nb4 $2 25. Be5 $18) 24. Bd5 (24. d5 f6 25. Rc1 Qxc1+ 26. Qxc1 a1=Q 27. dxc6+
Kh7 $19) 24... Rfc8 25. Be6 $3 (25. Bxc6 Rxc6 26. Rxg7+ Kxg7 27. d5+ Rf6 28.
Be5 Qe2 29. Qd1 Qxd1 30. Rxd1 Kg6 31. Bxf6 Kxf6 $17) 25... Kf8 26. Rxg7 fxe6
27. d5 exd5 28. exd5 Nd4 29. Qxd4 a1=Q 30. Rxa1 Rxa1+ 31. Qxa1 Qc1+ 32. Qxc1
Rxc1+ 33. Kg2 Kxg7 $11) 23. f4 Rxd4 (23... Qxd4 24. Qg4 Kf8 25. e5 $16) 24.
Bxf7+ $1 Kxf7 25. Qh5+ Kg8 (25... Kf8 26. Rf5+ Bf6 27. Qh8+ Kf7 28. Qxa8 $18)
26. e5 Qb3 (26... a2 $4 27. Qg6 $18) 27. Qg6 Qf7 28. Qxc6 Rad8 $1 (28... Rdd8
$2 29. f5 a2 30. f6 exf6 31. exf6 a1=Q 32. Rxa1 Rxa1+ 33. Kh2 $18) 29. Qa6 $6 {
This move loses the momentum, the best 29.f5!? would leave white on the top in
the extremely sharp fight.} (29. f5 $5 a2 (29... Rd1 30. Rxd1 Rxd1+ 31. Kh2 a2
32. Qa8+ Kh7 33. e6 $18) 30. f6 Rd1 31. Rxg7+ Qxg7 32. Qc4+ e6 (32... Qf7 33.
Qg4+ $18) 33. Qxe6+ Kh7 34. Qxa2 Rxf1+ 35. Kxf1 Qg6 $16) 29... Rd3 30. f5 Rf3
$1 31. Ra1 (31. f6 exf6 32. exf6 Qxf6 33. Qxf6 Rxf6 34. Be5 Rf7 35. Ra1 Rd3 $11
) 31... Rxf5 32. Rxf5 Qxf5 33. Qxa3 (33. Rxa3 Qb1+ 34. Kg2 Qe4+ 35. Rf3 Rf8 36.
Qd3 Qxf3+ 37. Qxf3 Rxf3 38. Kxf3 $11) 33... e6 {The worst is over and black
will be able to hold the position without much trouble.} 34. Qe7 Rf8 35. Qd6
Qg6 36. Rd1 (36. Ra6 Qb1+ 37. Kg2 Qe4+ $11) 36... Rf5 37. Qb8+ Kh7 38. Rd4 (38.
Re1 Rh5 $14) 38... Rxe5 $1 39. Rh4+ Rh5 40. Rxh5+ 1/2-1/2